000 00872nmm a2200265 a 4500
001 ocm0002347662
003 TR-IsHL
005 20201028185133.0
008 190903s2018 tu tur
007 cr cn
020 _a9786059898270
035 _a2347662
_b(N$T)
050 0 4 _aPL248.A545
_bS3 2018
090 0 4 _aPL248.A545
_bS3 2018
100 1 _aAlemdar, İlbey
245 1 0 _aSancaktar
_h[electronic resource] /
_cİlbey Alemdar ; yayına hazırlayan Yavuz Selim Pınarbaşı
260 _aİstanbul :
_bYeni Dünyamız Yayınları,
_c2018
300 _a145 p.
650 4 _aTarih
650 4 _aHistory
650 0 _aTarihi hikayeler, Türk
650 0 _aHistorical stories, Turkey
650 7 _aLITERARY COLLECTIONS / Middle Eastern
_2bisacsh
856 4 0 _uhttp://search.ebscohost.com/login.aspx?direct=true&scope=site&db=e011xww&AN=2347662
999 _c21325
_d21325